Statistics for Capital Cities Beginning With G H I orJ

Click here to take the quiz!

General Stats

  • This quiz has been taken 26 times
  • The average score is 9 of 12

Answer Stats

Answer% Correct
Jerusalem
96%
Jakarta
88%
Islamabad
84%
Georgetown
76%
Gaborone
72%
Helsinki
72%
Juba
72%
Guatemala City
68%
Hanoi
68%
Harare
68%
Honiara
56%
Havana
44%

Score Distribution

Percentile by Number Answered

Percent of People with Each Score

Your Score History

You have not taken this quiz